[Event "Karl Marx."]
[Site "http://www.queenalice.com/game.php?id=1324331"]
[Date "2014.11.26"]
[Round "2"]
[White "Lemur"]
[Black "oldfool"]
[Result "0-1"]
[WhiteElo "1183"]
[BlackElo "1416"]

1. e3 d5 2. Nf3 Nf6 3. Bd3 e6 4. O-O Nc6 5. Nc3 Bd6 6. Nb5 O-O 7. b3 Nb4 8. Ng5
h6 9. Nh7 Nxh7 10. Ba3 Nxd3 11. cxd3 Bxa3 12. Rb1 Bb4 13. Qc1 a6 14. Nxc7 Ra7
15. e4 b6 16. exd5 Rxc7 17. Qe1 Rc2 18. Qd1 Rxd2 19. Qf3 Bb7 20. Qf4 Bxd5 21.
Qxb4 Rxd3 22. Rbc1 Ng5 23. f3 Re8 24. Rc6 Bxc6 25. Qa3 Nxf3+ 26. gxf3 Qd4+ 27.
Rf2 Rd2 28. Qc1 Qxf2+ 29. Kh1 Bxf3# 0-1

[Event "AUTO-BEG-620"]
[Site "http://www.queenalice.com/game.php?id=1328341"]
[Date "2014.12.15"]
[Round "1"]
[White "JoseHenrique"]
[Black "Lemur"]
[Result "1-0"]
[WhiteElo "1721"]
[BlackElo "1205"]

1. e4 e5 2. Nf3 d6 3. d4 Be7 4. dxe5 Nh6 5. exd6 cxd6 6. Nc3 O-O 7. Bc4 b6 8.
Bd5 Nd7 9. Bxa8 Ba6 10. Bd5 Qc8 11. Ne2 Nc5 12. e5 b5 13. O-O b4 14. Re1 Bb7 15.
Bxb7 Qxb7 16. Bxh6 gxh6 17. exd6 Bd8 18. Qd4 Ne6 19. Qg4+ Ng7 20. Nf4 h5 21.
Nxh5 f5 22. Qg3 Qd5 23. Qxg7# 1-0

[Event "AUTO-BEG-620"]
[Site "http://www.queenalice.com/game.php?id=1328342"]
[Date "2014.12.15"]
[Round "1"]
[White "Lemur"]
[Black "JoseHenrique"]
[Result "0-1"]
[WhiteElo "1210"]
[BlackElo "1627"]

1. e4 c5 2. c4 Nc6 3. d3 e6 4. Be2 Nf6 5. Nf3 d6 6. O-O g6 7. Nc3 Bg7 8. b3 O-O
9. Nh4 Nd7 10. a4 Bxc3 11. Rb1 Qxh4 12. Qc2 Be5 13. Qd2 Qxh2# 0-1

[Event "AUTO-BEG-620"]
[Site "http://www.queenalice.com/game.php?id=1328359"]
[Date "2014.12.15"]
[Round "1"]
[White "Laucin"]
[Black "Lemur"]
[Result "1-0"]
[WhiteElo "1246"]
[BlackElo "1242"]

1. d4 d5 2. e3 e6 3. Nf3 Nf6 4. Ne5 Bd6 5. Nd3 O-O 6. Be2 Nc6 7. O-O b5 8. Bd2
Ba6 9. Nf4 Nb4 10. a3 Nc6 11. a4 Ng4 12. Bxg4 Qc8 13. Nc3 Be7 14. a5 Bh4 15. Qf3
Nb4 16. Rfc1 Bg5 17. Nh5 Qe8 18. Nd1 c6 19. Ra3 Bh4 20. Nf4 c5 21. dxc5 e5 22.
Nh5 Nxc2 23. Rc3 Nb4 24. e4 Na2 25. R1c2 b4 26. Re3 Bg5 27. Rb3 Rb8 28. Bxg5 Rb5
29. c6 Rxa5 30. Ne3 d4 31. Nf1 d3 32. Qd1 h6 33. Be3 g6 34. Nf6+ Kg7 35. Nxe8+
Kg8 36. Nd6 dxc2 37. Qxc2 Bb5 38. Nd2 f6 39. Be6+ Kg7 40. Bg4 Ra6 41. Qc5 Ra5
42. Be6 Nc1 43. Rxb4 h5 44. Rxb5 Rxb5 45. Qxb5 g5 46. Nf5+ Kg6 47. Ne7+ Kg7 48.
Nf3 g4 49. Nh4 Rf7 50. Nef5+ 1-0

[Event "AUTO-BEG-620"]
[Site "http://www.queenalice.com/game.php?id=1328360"]
[Date "2014.12.15"]
[Round "1"]
[White "Lemur"]
[Black "Laucin"]
[Result "0-1"]
[WhiteElo "1226"]
[BlackElo "1262"]

1. e4 e5 2. c4 Bc5 3. d4 Bb4+ 4. Nd2 f6 5. Be2 Bd6 6. Ngf3 Bb4 7. g4 Bxd2+ 8.
Bxd2 exd4 9. Nxd4 Qe7 10. Ba5 Qd8 11. b3 Na6 12. Nf5 g6 13. Nh4 Nb4 14. g5 fxg5
15. Nf3 Nf6 16. Nxg5 Nc6 17. Bc3 Nxe4 18. Bb2 Nxg5 19. Rg1 Ne4 20. b4 Nxb4 21.
Rg4 Nd6 22. Bxh8 Nf7 23. Bg7 Nh6 24. Bxh6 Qe7 25. c5 Qxc5 26. a3 Nc6 27. Ra2 Qh5
28. Bg7 Qxh2 29. Rc2 Qg1+ 30. Rxg1 d6 31. Rh1 h5 32. a4 Be6 33. Rb2 Rb8 34. Bb5
Bd7 35. Rg1 Kd8 36. Rg5 h4 37. Rxg6 Bf5 38. Rh6 h3 39. f3 h2 40. Rbxh2 Kd7 41.
R6h5 a6 42. Bc4 a5 43. Rxf5 Ne7 44. Rf7 Re8 45. Bd3 Kc8 46. Bb5 Rd8 47. Rxe7 d5
48. Qd2 d4 49. Rh8 c6 50. Bc4 c5 51. Rxd8+ Kxd8 0-1

[Event "OS INCLIVEIS"]
[Site "http://www.queenalice.com/game.php?id=1334012"]
[Date "2015.1.10"]
[Round "-"]
[White "adelio"]
[Black "Lemur"]
[Result "1-0"]
[WhiteElo "1714"]
[BlackElo "1222"]

1. d4 d5 2. e4 e6 3. e5 Nh6 4. Bxh6 gxh6 5. Be2 Nc6 6. h4 Bd7 7. h5 Qe7 8. Nf3
Kd8 9. a4 Kc8 10. a5 a6 11. c3 Bg7 12. g3 f6 13. Nbd2 b6 14. axb6 cxb6 15. Rxa6
Rb8 16. Qa1 Nd8 17. Ra7 Nb7 18. Ba6 Bb5 19. Bxb5 f5 20. Rxb7 Qxb7 21. Ba6 Qxa6
22. Qxa6+ Rb7 23. Ke2 Rd8 24. Ra1 Bf8 25. Ra4 b5 26. Qc6+ Kb8 27. Ra6 f4 28.
Qxe6 Rd6 29. Qe8+ Kc7 30. exd6+ Bxd6 31. Qc6+ Kd8 32. Qxd6+ Rd7 33. Ra8# 1-0

[Event "OS INCLIVEIS"]
[Site "http://www.queenalice.com/game.php?id=1334013"]
[Date "2015.1.10"]
[Round "-"]
[White "Lemur"]
[Black "adelio"]
[Result "0-1"]
[WhiteElo "1207"]
[BlackElo "1738"]

1. Nf3 c5 2. e4 Nc6 3. Bd3 Nd4 4. Ne5 d6 5. Nc4 b5 6. Nca3 c4 7. Be2 Nxe2 8.
Kxe2 e5 9. b4 Be7 10. Nxb5 a6 11. N5a3 d5 12. Kf1 h5 13. Nc3 Nf6 14. d3 Ng4 15.
dxc4 Nxf2 16. Kxf2 Bg4 17. Qd3 Bxb4 18. Nxd5 Bc5+ 19. Ke1 Qa5+ 20. Nc3 Rd8 21.
Qf1 Qxc3+ 22. Bd2 Qxd2# 0-1

[Event "Karl Marx."]
[Site "http://www.queenalice.com/game.php?id=1335884"]
[Date "2015.1.20"]
[Round "4"]
[White "tche_elvio"]
[Black "Lemur"]
[Result "1-0"]
[WhiteElo "1544"]
[BlackElo "1210"]

1. d4 d5 2. c4 e6 3. Nc3 c6 4. e3 Be7 5. g3 Nf6 6. Bg2 O-O 7. Nf3 Na6 8. a3 dxc4
9. O-O e5 10. Nxe5 c5 11. Nxc4 Ng4 12. Ne4 b5 13. Ncd2 1-0

[Event "AUTO-BEG-633"]
[Site "http://www.queenalice.com/game.php?id=1385037"]
[Date "2015.9.23"]
[Round "1"]
[White "Lemur"]
[Black "McJack3xtr3me"]
[Result "0-1"]
[WhiteElo "1211"]
[BlackElo "1332"]

1. Nf3 e6 2. e4 d5 3. Be2 dxe4 4. Ne5 Bb4 5. O-O Qf6 6. Nc4 b5 7. Ne3 Nh6 8. c3
Bc5 9. a4 bxa4 10. c4 Nc6 11. Rxa4 Bxe3 12. dxe3 Bd7 13. b3 a5 0-1

[Event "AUTO-BEG-633"]
[Site "http://www.queenalice.com/game.php?id=1385038"]
[Date "2015.9.23"]
[Round "1"]
[White "McJack3xtr3me"]
[Black "Lemur"]
[Result "1-0"]
[WhiteElo "1320"]
[BlackElo "1223"]

1. e4 e5 2. d3 Be7 3. Nf3 Nf6 4. Nxe5 O-O 5. Qd2 Na6 6. Qc3 d6 7. Nf3 Nc5 8. e5
Nd5 9. Qd4 dxe5 10. Qxe5 f6 11. Qd4 a6 12. c4 b5 13. cxd5 1-0